00377nam a22001457a 450000500170000001000130001703500130003003700090004308200110005224500670006326000420013030000180017270000210019070000200021120220413114019.0 aB-744579 aB-744579 bGift a808.88 aThe essays of montaigne vol. 1 /ctranslated by E.J. Trechmann aLondonbOxford University Pressc1956 avp.c19cm(Hb) aTrechmann, E.J.  aRobertson, J.M.